00320nam a2200097 a 4500008004100000050001600041100002100057245006200078246007300140350000900213120416s9999 xx |||||||||||||| || u aTS 1890 App aNaunton, W. J. S14aThe applied science of rubbercedited by W. J. S. Naunton aprepared with the approval of the Institution of the Rubber Industry a0.00